|
|
|
|
| LEADER |
00000cas a2200000 a 4500 |
| 001 |
vtls008883909 |
| 003 |
SK-MaSNL |
| 005 |
20260228162218.0 |
| 008 |
021125c19871993xr qr p|r 0 0 b0czeoc |
| 022 |
|
|
|a 0862-3570
|
| 035 |
|
|
|a (SVKBB03)vtls000141720
|
| 040 |
|
|
|a SVKBB
|b slo
|c SVKBB
|d SNK
|e AACR2
|
| 041 |
0 |
|
|a cze
|
| 044 |
|
|
|a xr
|c CZ
|
| 072 |
|
7 |
|a 64
|x Domáce hospodárstvo
|2 konspekt
|
| 080 |
|
|
|a 64
|2 2001
|
| 080 |
|
|
|a 050
|2 2011
|
| 080 |
|
|
|a 379.8(051)
|2 2011
|
| 210 |
0 |
|
|a Um
|b (Praha)
|
| 222 |
|
0 |
|a Um
|b (Praha)
|
| 245 |
0 |
0 |
|a UM
|b magazín na tři měsíce
|
| 260 |
|
|
|a Praha
|b Panorama
|c 1987-1993
|
| 300 |
|
|
|a 7 zv.
|c 30-32 cm
|
| 310 |
|
|
|a 4x ročne
|
| 362 |
0 |
|
|a Č. Jaro (1987)-č. Léto (1993)
|
| 500 |
|
|
|a Podnázov v r. 1990: magazín zájmů a zálib
|
| 500 |
|
|
|a Vydavatel: UM, spol. s r.o.
|
| 650 |
0 |
7 |
|a domáce hospodárstvo
|2 SNKPH
|9 2073
|
| 655 |
|
7 |
|a časopisy pre voľný čas
|2 SNKPH
|9 70337
|
| 910 |
|
|
|a snk
|
| 999 |
|
|
|c 7153
|d 9083
|
| 952 |
|
|
|0 0
|1 1
|4 0
|7 0
|a SNK
|b SNK
|d 2000-12-12
|l 0
|o snkČB 4813/1990
|p 17A0262932
|r 2005-01-02 00:00:00
|w 2026-02-21
|y PREZ
|
| 952 |
|
|
|0 0
|1 1
|4 0
|7 0
|a SNK
|b SNK
|d 2004-02-07
|i snkČIP 1345/90
|l 0
|o snkČB 4813/1987
|p 17A0413479
|r 2005-01-02 00:00:00
|w 2026-02-21
|y PREZ
|
| 952 |
|
|
|0 0
|1 1
|4 0
|7 0
|a SNK
|b SNK
|d 2004-02-07
|i snkČIP 1347/90
|l 0
|o snkČB 4813/1988
|p 17A0413478
|r 2005-01-02 00:00:00
|w 2026-02-21
|y PREZ
|
| 952 |
|
|
|0 0
|1 1
|4 0
|7 0
|a SNK
|b SNK
|d 2004-02-07
|i snkČIP 4823/91
|l 0
|o snkČB 4813/1989
|p 17A0413480
|r 2005-01-02 00:00:00
|w 2026-02-21
|y PREZ
|
| 952 |
|
|
|0 0
|1 1
|4 0
|7 0
|a SNK
|b SNK
|d 2004-02-07
|i snkČIP 957/93
|l 0
|o snkČB 4813/1991
|p 17A0413556
|r 2005-01-02 00:00:00
|w 2026-02-21
|y PREZ
|
| 952 |
|
|
|0 0
|1 1
|4 0
|7 0
|a SNK
|b SNK
|d 2004-02-07
|i snkČIP 1972/94
|l 0
|o snkČB 4813/1992
|p 17A0413557
|r 2005-01-02 00:00:00
|w 2026-02-21
|y PREZ
|